| 000 | 00449nam a2200157Ia 4500 | ||
|---|---|---|---|
| 008 | 210716s2018 xx 000 0 und d | ||
| 020 | _a9789352607512 | ||
| 041 | _aeng | ||
| 082 | _a374.22 ABIS | ||
| 100 | _aAbidi, Suhayl;Joshi, Manoj. | ||
| 245 |
_aVuca learner: future proof your relevance. _bFuture proof your relevance. |
||
| 250 | _a1 | ||
| 260 |
_aNew Delhi _bSage Publications _c2018 |
||
| 300 | _axxi,247 | ||
| 650 | _aGeneral Management | ||
| 999 |
_c211459 _d211459 |
||